| 000 | 01099nam0a2200289 4500 | ||
|---|---|---|---|
| 001 | RU\NLR\BIBL_A\010426191 | ||
| 005 | 20260628145556.0 | ||
| 035 | _a(NLR Aleph) 010426191 | ||
| 090 |
_a13739363 _c13739363 |
||
| 100 | _a20140718d1974 uu y0rusy50 ca | ||
| 101 | 0 | _aaze | |
| 102 | _aAZ | ||
| 105 | _aa|||||||||||| | ||
| 200 | 9 |
_aАзәрбаjҹан Драм Театры _fИнгилаб Кәримов |
|
| 210 |
_aБакы _cИшыг _d1974 |
||
| 215 |
_a206 с., [1] в. шәк. _cшәк. _d23 |
||
| 300 | _aНа обл. авт. не указан | ||
| 541 | 1 |
_6z01790 _aАзербайджанский драматический театр _zrus |
|
| 606 | 1 |
_aТеатр азербайджанский _91217553 _3RU\NLR\AUTH\66494998 |
|
| 686 | 1 | _aЩ334.3(2А) | |
| 700 | 1 |
_aКәримов _bИ. С. _gИнгилаб Салеһ оғлу _4070 |
|
| 790 | 1 |
_6z01541 _aКеримов _bИ. С. _gИнгилаб Салех оглы _4070 |
|
| 852 |
_aNLR _bОНЛ _jАзерб./3-9730 |
||
| 852 |
_aNLR _bОНЛ _jАзерб./3-9730 |
||
| 942 | _cBOOK | ||
| 980 | _aNB | ||